[Event "Runavik Open 2018"]
[Site "Runavik"]
[Date "2018.11.15"]
[Round "5"]
[White "Apol, Luitjen Akselsson"]
[Black "Miezis, Normunds"]
[Result "0-1"]
[WhiteElo "1735"]
[BlackElo "2477"]
[Annotator "TA"]
[PlyCount "122"]
[EventDate "2018.11.12"]
[EventType "swiss"]
[EventCountry "FAI"]
[SourceTitle "playchess.com"]
[Source "ChessBase"]
[SourceQuality "1"]

{[%evp 20,122,38,25,58,60,67,67,58,58,99,89,109,109,103,96,123,120,110,122,122,87,102,92,109,66,147,147,160,151,193,193,188,138,366,338,366,366,366,366,366,366,295,122,130,131,220,210,202,211,205,197,203,170,132,20,14,0,0,0,8,0,0,-34,-11,-24,0,0,0,0,0,0,0,0,0,-124,-125,-12827,-12830,-1264,-1327,-406,-304,-12837,-12838,-12837,-12835,-12843,-12844,-12844,-12845,-12845,-12845,-12846,-12847,-12847,-12847,-12848,-12848,-12850,-29947,-12851,-29986,-12851,-29992]} 1. e4 c5 2. Nf3 e6 3. d4 cxd4 4. Nxd4 a6 5. Nc3 Qc7 6. Bd3 Nc6 7. Be3 Nf6 8. O-O h5 9. h3 b5 10. a3 {B48: Sicilian: Taimanov: 5 Nc3 Qc7 6 Be3 a6 without Be2} (10. Nxc6 Qxc6 11. a3 Bb7 12. Re1 Rc8 13. Qd2 Be7 14. f3 h4 15. e5 Nh5 16. Be4 Qc7 17. Bxb7 Qxb7 {½-½ (47) Perunovic,M (2616)-Zhigalko,S (2669) Calimanesti Caciulata 2016}) 10... Bb7 11. Qe2 {LiveBook: 10 Games} Ne5 12. f4 {White is slightly better.} Nxd3 13. cxd3 Be7 $146 ({Predecessor:} 13... d6 14. Rac1 Qd8 15. Ncxb5 axb5 16. Nxb5 Rc8 17. Rxc8 Bxc8 {1-0 (32) Hundrieser,M (1880)-Chu,R (2130) Bad Zwesten 2017}) 14. Rac1 Qb8 15. Nb3 h4 16. Na5 Nh5 17. Qg4 Kf8 18. f5 {Black must now prevent fxe6.} Nf6 19. Qf3 e5 20. Nxb7 Qxb7 21. Bg5 Rc8 22. Bxf6 gxf6 (22... Bxf6 $14 23. Qe3 Rc6) 23. Nd5 $16 Rc6 24. Qe2 Qa7+ 25. Kh1 Qd4 26. Rc3 b4 $2 (26... Rxc3 $16 27. bxc3 Qa4) 27. axb4 $18 Bxb4 28. Rc4 Rxc4 29. dxc4 Qd2 30. Qxd2 Bxd2 31. Nxf6 {[%mdl 4096] Endgame KRB-KRN} (31. Rd1 $18 Bf4 32. Nxf6) 31... d6 $16 32. Rd1 Bb4 (32... Bg5 $16) 33. Nd5 $18 Bc5 34. Ra1 Kg7 {intending ...Rb8.} 35. b4 (35. Rxa6 Rb8 $14) 35... Bd4 36. Rxa6 Rc8 37. b5 (37. Rxd6 Rxc4 38. g4 Rc2 $16) ({White should try} 37. f6+ $16 Kh6 38. g3 (38. Rxd6 Rxc4 39. g4 hxg3 $14)) 37... Rxc4 $11 {( -> ...Rc1+)} 38. Rc6 Bc5 39. g4 hxg3 {Strongly threatening ...Rc2.} 40. Kg2 Rxe4 {Hoping for ...Rd4.} 41. Kxg3 Rd4 42. Nb6 Kf6 43. Nd7+ Kxf5 {And now ...Bb4 would win.} 44. Nxc5 dxc5 45. Rxc5 {KR-KR} Rd3+ 46. Kg2 Rb3 47. Rc7 (47. h4 $11 {keeps the balance.}) 47... f6 $17 {[%cal Bf7f6,Bf6f5][%mdl 32]} ({Don't play} 47... Rxb5 $6 48. Rxf7+ Ke4 49. Kg3 $11) 48. Rb7 $2 {[%mdl 8192] [#]} (48. Rc5 $17) 48... Kf4 $1 $19 49. h4 Rb2+ 50. Kh3 f5 51. h5 $2 (51. Rg7) 51... Kg5 52. b6 Kxh5 53. Rb8 Kg5 54. Kg3 {[#]} Rb3+ $1 55. Kf2 Kf4 56. b7 e4 {[%cal Be5e4,Be4e3][%mdl 32]} 57. Ke2 Rb2+ 58. Ke1 e3 59. Ra8 Rxb7 60. Ra2 Kf3 {[%cal Rb7b1]} 61. Ra1 Rh7 {Precision: White = 36%, Black = 66%.} (61... f4 $19 62. Kf1 Rd7) 0-1

[Event "Runavik Open 2018"]
[Site "Runavik"]
[Date "2018.11.15"]
[Round "5"]
[White "Nielsen, Suni I Horni"]
[Black "Pinheiro Diamant, Jonatan"]
[Result "1/2-1/2"]
[WhiteElo "1563"]
[BlackElo "1789"]
[Annotator "NA RC"]
[PlyCount "111"]
[EventDate "2018.11.12"]
[EventType "swiss"]
[EventCountry "FAI"]
[SourceTitle "playchess.com"]
[Source "ChessBase"]
[SourceQuality "1"]
[TimeControl "40/5400+30:900+30"]

1. e4 {[%emt 0:00:00]} e5 {[%emt 0:00:00]} 2. Nf3 {[%emt 0:00:33]} Nc6 {[%emt 0:00:00]} 3. Nc3 {[%emt 0:02:19]} Nf6 {[%emt 0:00:00]} 4. Bb5 {[%emt 0:01:05]} Bb4 {[%emt 0:09:46]} 5. d3 {[%emt 0:04:38]} Nd4 {[%emt 0:07:02]} 6. Bc4 {[%emt 0:02:41]} d5 {[%emt 0:07:14]} 7. exd5 {[%emt 0:03:23]} Nxd5 {[%emt 0:01:21]} 8. Bd2 {[%emt 0:00:32]} Nxf3+ {[%emt 0:06:03]} 9. Qxf3 {[%emt 0:00:19]} Nf6 {[%emt 0:01:04]} 10. a3 {[%emt 0:01:57]} Be7 {[%emt 0:04:24]} 11. Ne4 {[%emt 0:05:19]} O-O {[%emt 0:00:57]} 12. O-O {[%emt 0:04:17]} c6 {[%emt 0:02:14]} 13. Bc3 {[%emt 0:02:35]} Qc7 {[%emt 0:02:39]} 14. Rfe1 {[%emt 0:02:55]} Nd5 {[%emt 0:07:50]} 15. Bd2 {[%emt 0:08:09]} Be6 {[%emt 0:08:54]} 16. Qg3 {[%emt 0:14:07]} Nf4 {[%emt 0:06:02]} 17. Rad1 {[%emt 0:15:37]} Bxc4 {[%emt 0:03:28]} 18. dxc4 {[%emt 0:02:51]} Ng6 {[%emt 0:01:32]} 19. Bc3 {[%emt 0:03:57]} Rad8 {[%emt 0:02:48]} 20. Rxd8 {[%emt 0:03:35]} Rxd8 {[%emt 0:01:11]} 21. h3 {[%emt 0:01:31]} f5 {[%emt 0:10:14]} 22. Ng5 {[%emt 0:03:53]} Bxg5 {[%emt 0:03:10]} 23. Qxg5 {[%emt 0:00:10]} Rf8 {[%emt 0:00:36]} 24. Qe3 {[%emt 0:03:20]} f4 {[%emt 0:04:05]} 25. Qxa7 {[%emt 0:00:44]} f3 {[%emt 0:00:29]} 26. g3 {[%emt 0:00:08]} Qd7 {[%emt 0:01:25]} 27. Kh2 {[%emt 0:00:17]} Qf5 {[%emt 0:01:37]} 28. Qxb7 {[%emt 0:04:50]} Nf4 {[%emt 0:01:40]} 29. g4 {[%emt 0:00:09]} Qxc2 {[%emt 0:01:34]} 30. Qb6 {[%emt 0:01:55]} Nd3 {[%emt 0:01:05]} 31. Rf1 {[%emt 0:01:47]} c5 {[%emt 0:01:12]} 32. Qe6+ {[%emt 0:01:48]} Rf7 {[%emt 0:00:41]} 33. Qe8+ {[%emt 0:03:29]} Rf8 {[%emt 0:00:03]} 34. Qe6+ {[%emt 0:00:25]} Kh8 {[%emt 0:02:40]} 35. Bxe5 {[%emt 0:00:28]} Nxf2 {[%emt 0:01:19]} 36. Bxg7+ {[%emt 0:01:11]} Kxg7 {[%emt 0:00:05]} 37. Qe5+ {[%emt 0:00:41]} Rf6 {[%emt 0:00:31]} 38. Qg5+ {[%emt 0:00:39]} Kf7 {[%emt 0:00:43]} 39. Qd5+ {[%emt 0:00:24]} Kg6 {[%emt 0:01:07]} 40. Qh5+ {[%emt 0:00:00]} Kg7 {[%emt 0:00:00]} 41. Qg5+ {[%emt 0:01:29]} Kf7 {[%emt 0:05:55]} 42. Qd5+ {[%emt 0:00:43]} Ke8 {[%emt 0:02:43]} 43. Qa8+ {[%emt 0:03:45]} Ke7 {[%emt 0:02:37]} 44. Qb7+ {[%emt 0:00:24]} Kf8 {[%emt 0:00:49]} 45. Qc8+ {[%emt 0:01:15]} Kg7 {[%emt 0:00:57]} 46. Qc7+ {[%emt 0:05:45]} Kg6 {[%emt 0:00:43]} 47. Kg3 {[%emt 0:01:07]} Ne4+ {[%emt 0:01:44]} 48. Kh4 {[%emt 0:00:09]} Qe2 {[%emt 0:02:13]} 49. Qe5 {[%emt 0:02:22]} Qxf1 {[%emt 0:01:15]} 50. Qxe4+ {[%emt 0:00:07]} Kg7 {[%emt 0:00:45]} 51. Qe7+ {[%emt 0:00:27]} Rf7 {[%emt 0:00:27]} 52. Qg5+ {[%emt 0:00:25]} Kh8 {[%emt 0:01:22]} 53. Qd8+ {[%emt 0:00:27]} Kg7 {[%emt 0:00:09]} 54. Qg5+ {[%emt 0:00:08]} Kf8 {[%emt 0:00:58]} 55. Qd8+ {[%emt 0:00:07]} Kg7 {[%emt 0:00:08]} 56. Qg5+ {[%emt 0:00:07]} 1/2-1/2

[Event "Runavik Open 2018"]
[Site "Runavik"]
[Date "2018.11.15"]
[Round "5"]
[White "Fjallheim, Benjamin Reinert"]
[Black "Jacobsen, Markus"]
[Result "1-0"]
[WhiteElo "1340"]
[BlackElo "1076"]
[Annotator "NA RC"]
[PlyCount "52"]
[EventDate "2018.11.12"]
[EventType "swiss"]
[EventCountry "FAI"]
[SourceTitle "playchess.com"]
[Source "ChessBase"]
[SourceQuality "1"]
[TimeControl "40/5400+30:900+30"]

1. e4 {[%emt 0:02:46]} e6 {[%emt 0:00:00]} 2. d4 {[%emt 0:00:32]} d5 {[%emt 0:00:10]} 3. e5 {[%emt 0:00:37]} c5 {[%emt 0:01:22]} 4. c3 {[%emt 0:04:36]} Nc6 {[%emt 0:01:54]} 5. Nf3 {[%emt 0:00:29]} c4 {[%emt 0:03:30]} 6. Be2 {[%emt 0:02:00]} Nge7 {[%emt 0:02:25]} 7. Nbd2 {[%emt 0:00:46]} g6 {[%emt 0:01:53]} 8. Nf1 {[%emt 0:00:43]} Bg7 {[%emt 0:01:15]} 9. Ng3 {[%emt 0:01:26]} O-O {[%emt 0:01:47]} 10. Bg5 {[%emt 0:06:10]} f6 {[%emt 0:02:41]} 11. exf6 {[%emt 0:01:20]} Bxf6 {[%emt 0:00:45]} 12. Bh6 {[%emt 0:00:56]} Rf7 {[%emt 0:01:21]} 13. h4 {[%emt 0:03:05]} Nf5 {[%emt 0:01:40]} 14. Nxf5 {[%emt 0:00:33]} exf5 {[%emt 0:01:03]} 15. Qd2 {[%emt 0:01:21]} Bg7 {[%emt 0:03:45]} 16. O-O-O {[%emt 0:00:57]} Qf8 {[%emt 0:01:26]} 17. Bxg7 {[%emt 0:01:42]} Rxg7 {[%emt 0:01:49]} 18. Ne5 {[%emt 0:02:01]} Nxe5 {[%emt 0:01:34]} 19. dxe5 {[%emt 0:03:47]} Rd7 {[%emt 0:02:30]} 20. Bf3 {[%emt 0:01:49]} Qe8 {[%emt 0:04:01]} 21. Bxd5+ {[%emt 0:00:57]} Kh8 {[%emt 0:00:31]} 22. Qd4 {[%emt 0:01:07]} h5 {[%emt 0:03:11]} 23. e6+ {[%emt 0:01:06]} Rg7 {[%emt 0:00:25]} 24. Qxc4 {[%emt 0:00:21]} Rb8 {[%emt 0:04:21]} 25. Rhe1 {[%emt 0:01:02]} b5 {[%emt 0:03:19]} 26. Qc6 {[%emt 0:00:45]} Ra8 1-0

[Event "Runavik Open 2018"]
[Site "Runavik"]
[Date "2018.11.16"]
[Round "6"]
[White "Sivuk, Vitaly"]
[Black "Korneev, Oleg"]
[Result "1/2-1/2"]
[WhiteElo "2551"]
[BlackElo "2551"]
[Annotator "TA"]
[PlyCount "60"]
[EventDate "2018.11.12"]
[EventType "swiss"]
[EventCountry "FAI"]
[SourceTitle "playchess.com"]
[Source "ChessBase"]
[SourceQuality "1"]

{[%evp 18,60,9,0,8,15,14,16,12,3,33,0,8,0,0,0,0,0,0,8,12,0,21,-37,0,0,0,0,0,0,0,0,0,0,0,0,0,0,38,38,35,0,19,0,36]} 1. c4 e5 2. Nc3 Nf6 3. Nf3 Nc6 4. g3 Bc5 5. Nxe5 Bxf2+ 6. Kxf2 Nxe5 7. e4 {A29: English Opening: Four Knights Variation with 4 g3} c5 8. d4 cxd4 9. Qxd4 O-O 10. Bf4 {LiveBook: 13 Games} (10. h3 Re8 11. Bf4 Nc6 12. Qe3 b6 13. Bg2 Ne5 14. Qd4 Qe7 {0-1 (94) Matlakov,M (2689)-Kryvoruchko,Y (2707) Dubai 2014}) 10... Nc6 11. Qd2 Re8 12. Re1 a6 $146 ({Predecessor:} 12... Ne5 13. h3 a6 14. Re3 b6 {½-½ (38) Schoen,A (2490)-Cruzado Duenas,C (2584) ICCF email 2013}) 13. Kg2 Ne5 14. b3 b6 15. Nd5 Bb7 16. Bg5 Bxd5 17. exd5 h6 18. Bf4 d6 19. a4 Ra7 20. Bd3 (20. Bxe5 $11 dxe5 21. Bd3) 20... Nxd3 21. Rxe8+ Qxe8 22. Qxd3 Re7 {Hoping for ...Re2+.} 23. Rf1 $1 Ne4 24. Re1 Nc5 25. Rxe7 Qxe7 26. Qe3 Qxe3 27. Bxe3 {Black should prevent a5!} a5 28. Bf4 Nb7 $1 29. Be3 Nc5 30. Bf4 Nb7 $1 {Accuracy: White = 56%, Black = 49%.} 1/2-1/2

[Event "Runavik Open 2018"]
[Site "Runavik"]
[Date "2018.11.16"]
[Round "6"]
[White "Maiorov, Nikita"]
[Black "Papin, Vasily"]
[Result "1/2-1/2"]
[WhiteElo "2510"]
[BlackElo "2483"]
[Annotator "TA"]
[PlyCount "87"]
[EventDate "2018.11.12"]
[EventType "swiss"]
[EventCountry "FAI"]
[SourceTitle "playchess.com"]
[Source "ChessBase"]
[SourceQuality "1"]

{[%evp 12,87,23,26,23,29,35,30,23,0,0,8,37,21,30,23,36,29,40,41,30,1,50,40,40,35,56,57,58,29,33,24,27,28,20,10,10,8,28,26,50,31,37,-56,-32,-33,-30,-295,-291,-290,-287,-287,-288,-291,-282,-508,-537,-598,-527,-486,-488,-445,80,81,85,81,123,63,152,118,116,117,117,0,116,66,81,0]} 1. d4 Nf6 2. c4 e6 3. Nc3 Bb4 4. Qc2 c5 5. dxc5 Qc7 6. Nf3 Na6 {[%cal Bb8a6,Ba6c5,Bc5e4][%mdl 32] E38: Nimzo-Indian: Classical: 4...c5} 7. Bd2 {LiveBook: 5 Games} Nxc5 8. e3 Bxc3 {White has an edge.} 9. Bxc3 Nce4 10. Bb4 a5 $146 ({Predecessor:} 10... Qb6 11. Ba3 Qa5+ 12. Nd2 b5 13. cxb5 Bb7 14. f3 {1-0 (46) Zaja,I (2446)-Saric,A (2540) Zagreb 2017}) 11. Ba3 d6 12. Nd2 {[%cal Bf3d2,Bd2b1,Bb1c3][%mdl 32]} (12. Nd4 {seems wilder.} Bd7 13. Bd3 Nc5 14. O-O O-O 15. Rac1) 12... Nc5 13. Be2 Bd7 14. O-O O-O 15. Nb1 Bc6 16. f3 b6 17. Nc3 Rfd8 18. b3 Rac8 19. Rad1 h6 20. Rf2 d5 21. cxd5 Bxd5 22. Bb2 Bb7 23. Nb5 Qe7 24. Rxd8+ Qxd8 25. Bc4 Nd5 26. Qd2 Qg5 27. Bc1 ({White should try} 27. Bxd5 $14 Qxd5 28. Qxd5 Bxd5 29. Rc2) 27... Nb4 28. e4 Ncd3 29. Bxd3 $4 {[%mdl 8192]} (29. Qxd3 $11 {and White stays safe.} Nxd3 30. Bxg5 Nxf2 31. Nd6 hxg5 32. Nxc8 Nh3+ 33. gxh3 Bxc8 34. Kf2) 29... Rxc1+ $19 30. Bf1 {[#]} Rxf1+ $1 {[%mdl 576] Remove Defender} 31. Kxf1 {And now Qxg5 would win.} (31. Rxf1 Qxd2) 31... Qxb5+ 32. Kg1 Ba6 33. Qd8+ $2 (33. h3) 33... Kh7 34. Qc7 Nd3 35. Rc2 Ne1 {[%csl Ga6][%cal Rb5f1]} 36. Rf2 Qd3 $2 (36... Qb4 $19 37. Qc1 Nd3 {[%mdl 64] Double Attack}) 37. Qc1 $16 {[#]} Nxf3+ $1 {[%mdl 512]} 38. gxf3 {[%mdl 4096] Endgame KQR-KQB} (38. Rxf3 Qd4+) 38... f5 39. exf5 (39. Qd2 $16) 39... exf5 (39... Qxf5 $14 40. Qc7 Qg6+ 41. Qg3 Qf6) 40. Qc2 {Black must now prevent Qxd3.} Qd5 41. Qc7 Qd4 42. Qc2 (42. Kg2 $16) 42... Qe5 (42... Qd5 $1 $11 {keeps the balance.}) 43. Qc6 Qe3 44. Qc2 {Accuracy: White = 39%, Black = 46%.} (44. h3 $16) 1/2-1/2

[Event "Runavik Open 2018"]
[Site "Runavik"]
[Date "2018.11.16"]
[Round "6"]
[White "Miezis, Normunds"]
[Black "Malakhatko, Vadim"]
[Result "1/2-1/2"]
[WhiteElo "2477"]
[BlackElo "2545"]
[Annotator "TA"]
[PlyCount "44"]
[EventDate "2018.11.12"]
[EventType "swiss"]
[EventCountry "FAI"]
[SourceTitle "playchess.com"]
[Source "ChessBase"]
[SourceQuality "1"]

{[%evp 16,44,-15,-14,-12,-16,-14,-30,-20,-33,-30,-26,-33,-34,-26,-56,-25,-55,-44,-48,-43,-44,-20,-29,0,-36,0,-36,0,-33,0]} 1. c4 {Psakhis,L} e6 2. e4 d5 3. exd5 exd5 4. d4 Nf6 5. Nf3 Bb4+ 6. Bd2 Bxd2+ 7. Nbxd2 O-O 8. Be2 dxc4 {A51: Budapest Gambit, Fajarowicz Variation} 9. Nxc4 {LiveBook: 20 Games} Nbd7 (9... Be6 10. O-O {½-½ (10) Miezis,N (2555)-Malakhatko,V (2549) Tallinn 2014}) 10. O-O Nb6 {The position is equal.} 11. Nfe5 $146 ({Predecessor:} 11. Nce5 Bf5 12. Rc1 c6 13. Re1 Nfd5 14. Qd2 a5 15. h3 a4 16. a3 {½-½ (65) Jussupow,A (2595)-Kasimdzhanov,R (2670) Germany 2005 CBM 110 [Psakhis,L]}) 11... Be6 12. b3 c6 13. Rc1 Qc7 14. Qd2 Rad8 15. Qe3 Qb8 16. Rfd1 Nbd5 17. Qg3 Ne7 18. Ne3 Rd6 19. N5c4 Rdd8 20. Ne5 Rd6 21. N5c4 Rdd8 22. Ne5 Rd6 {Precision: White = 37%, Black = 47%.} 1/2-1/2

[Event "Runavik Open 2018"]
[Site "Runavik"]
[Date "2018.11.16"]
[Round "6"]
[White "Karpatchev, Aleksandr"]
[Black "Skaale, Janus"]
[Result "1-0"]
[WhiteElo "2416"]
[BlackElo "1839"]
[Annotator "TA"]
[PlyCount "57"]
[EventDate "2018.11.12"]
[EventType "swiss"]
[EventCountry "FAI"]
[SourceTitle "playchess.com"]
[Source "ChessBase"]
[SourceQuality "1"]

{[%evp 12,57,52,29,51,25,43,45,56,37,102,93,200,195,191,198,188,134,183,180,191,184,196,185,201,191,179,187,192,192,178,189,272,263,308,329,318,217,197,194,250,244,254,264,432,428,866,409]} 1. e4 c5 2. c3 Nf6 3. e5 Nd5 4. d4 cxd4 5. cxd4 Nc6 6. Nc3 Nxc3 7. bxc3 d6 {B22: Sicilian: 2 c3} 8. f4 e6 9. Nf3 Be7 {White is slightly better.} 10. Bd3 O-O (10... d5 $14) (10... b6 11. O-O Bb7 12. f5 exf5 13. Bxf5 dxe5 14. d5 Bc5+ 15. Kh1 {0-1 (38) Sveshnikov,V (2377)-Kovalenko,I (2636) Olaine 2017}) 11. Qc2 g6 {[#]} (11... h6 $16 {keeps fighting.}) 12. h4 $1 $18 {[%cal Bh2h4,Bh4h5][%mdl 32]} Bd7 $146 {[#]} ({Predecessor:} 12... dxe5 13. fxe5 f5 14. exf6 Rxf6 15. h5 {1-0 (23) Vusatiuk,V (2322)-Foltyn,L (2036) Kiev 2011}) 13. h5 $1 {[%cal Rh5g6]} Be8 14. Qf2 ({Better is} 14. Rb1 $18) 14... Rc8 15. Qg3 {Threatens to win with f5.} dxe5 16. fxe5 ({Don't take} 16. hxg6 $6 fxg6 17. Qh3 (17. fxe5 Rxf3 18. Qxf3 Nxe5 $16) 17... h5 $16) 16... f5 17. exf6 Rxf6 18. hxg6 Bxg6 19. Bxg6 $40 {[%mdl 128] White goes for the king.} Rxg6 20. Qh3 Rg7 21. Bh6 Rg6 (21... Rf7 $142 22. Qxe6 Bf6) 22. Bf4 Rg7 23. Qxe6+ Kh8 24. O-O Qg8 25. Qh3 Rf8 (25... Re8 $142 26. Rae1 Bf6 27. Rxe8 Qxe8) 26. Ne5 Bd6 27. Bh6 Rxf1+ $2 (27... Nxe5 28. Bxg7+ Qxg7 29. Rxf8+ Bxf8 30. dxe5 Qxe5) 28. Rxf1 Rg3 (28... Nxe5 $142 29. Bxg7+ (29. dxe5 Bc5+ 30. Kh2 Rg6 $16) 29... Qxg7 30. dxe5 Qxe5 31. Qc8+ Kg7 32. Qxb7+ Bc7) 29. Nf7+ {Accuracy: White = 82%, Black = 35%.} 1-0

[Event "Runavik Open 2018"]
[Site "Runavik"]
[Date "2018.11.16"]
[Round "6"]
[White "Nielsen, Hogni Egilstoft"]
[Black "Bernadskiy, Vitaliy"]
[Result "0-1"]
[WhiteElo "2400"]
[BlackElo "2544"]
[Annotator "TA"]
[PlyCount "48"]
[EventDate "2018.11.12"]
[EventType "swiss"]
[EventCountry "FAI"]
[SourceTitle "playchess.com"]
[Source "ChessBase"]
[SourceQuality "1"]

{[%evp 16,48,8,19,39,9,10,0,0,-11,-8,-14,-11,-45,-32,-28,0,-24,16,7,2,-156,-162,-152,-157,-156,-142,-735,-731,-1029,-1022,-1347,-1252,-29997,-29998]} 1. e4 c6 2. Nf3 d5 3. Nc3 Bg4 4. h3 Bxf3 5. Qxf3 e6 6. Be2 Nf6 {B11: Caro-Kann: Two Knights Variation} (6... Bc5 7. O-O Nd7 8. b4 Bd4 9. b5 Ne7 10. Rb1 O-O 11. Ba3 Bc5 12. Bb2 Qa5 13. d4 Bd6 14. bxc6 bxc6 {1-0 (40) Paravyan,D (2630)-Dreev,A (2635) St Petersburg 2018}) 7. O-O Be7 8. d3 O-O 9. Qg3 {LiveBook: 6 Games} Kh8 10. f4 c5 $146 ({Predecessor:} 10... Na6 11. e5 Nd7 12. f5 Qc7 13. d4 Nb4 14. Bg5 Bxg5 15. Qxg5 {1-0 (52) Nurkiewicz,M (2378)-Chojnacki,S (2272) Gora Sw Anny 2009}) 11. Kh1 Nc6 12. b3 Nd4 13. Bd1 $1 b5 14. exd5 Nf5 15. Qf3 Nd4 16. Qf2 exd5 17. Ne2 Nh5 {And now ...Nxe2 would win.} 18. Nxd4 $2 (18. g3 $11 Bf6 19. Rb1) 18... Bh4 $36 {[%mdl 2048] Black is really pushing.} 19. Qf3 ({Not} 19. Nc6 $2 Bxf2 20. Bxh5 Qf6 $19) 19... Ng3+ {[%mdl 64] Double Attack} 20. Kg1 cxd4 ({Much worse is} 20... Nxf1 21. Ne2 $11) 21. Re1 $2 {[%mdl 8192] [#]} (21. Kh2 $17) 21... Qa5 $1 $19 {[%cal Ra5e1]} 22. Re5 f6 23. Re6 Rae8 {( -> ...Qe1+!)} 24. Qxd5 {[#]} Qe1+ $1 {[%mdl 512] Accuracy: White = 14%, Black = 49%.} 0-1

[Event "Runavik Open 2018"]
[Site "Runavik"]
[Date "2018.11.16"]
[Round "6"]
[White "Jacobsen, Heidrikur T."]
[Black "Nielsen, Rogvi Egilstoft"]
[Result "0-1"]
[WhiteElo "1935"]
[BlackElo "2339"]
[Annotator "TA"]
[PlyCount "32"]
[EventDate "2018.11.12"]
[EventType "swiss"]
[EventCountry "FAI"]
[SourceTitle "playchess.com"]
[Source "ChessBase"]
[SourceQuality "1"]

{[%evp 10,32,0,-63,-26,-42,-38,-141,-130,-131,-131,-185,-184,-179,-158,-164,-158,-180,-56,-135,-122,-613,-599,-29990,-29991]} 1. e4 e5 2. Nc3 Nf6 3. Nf3 Nc6 4. Bb5 Nd4 5. Nxd4 exd4 6. Ne2 (6. e5 $11 dxc3 7. exf6 Qxf6 8. dxc3) 6... Nxe4 {C48: Four Knights: 4 Bb5, replies other than 4...Bb4} 7. Nxd4 (7. O-O Be7 8. Nxd4 c6 9. d3 Nc5 10. Nf5 O-O 11. d4 d5 12. Nxe7+ Qxe7 13. dxc5 cxb5 14. Qxd5 {½-½ (30) Hofer,M (2118)-Reitemann,J (1882) Bregenz 2018}) 7... Bc5 8. Qe2 {[#]} (8. Nf5 $15) 8... O-O $1 $17 {Black is clearly better.} 9. O-O {[#]} ({Not} 9. Qxe4 $2 Re8 $19) 9... Re8 $1 10. Qd3 (10. Nf3 $17 {was worth a try.}) 10... c6 $19 {...Qf6 is the strong threat.} 11. Ba4 Qf6 $146 ({Predecessor:} 11... d5 12. c3 Qh4 13. g3 Qf6 14. f4 Nxg3 15. hxg3 Bf5 16. Qf3 Bxd4+ 17. cxd4 Qxd4+ {0-1 (17) Moskwinski,M (1845)-Sanz Wawer,D (1890) Warsaw 2015}) 12. c3 d5 $36 {[%mdl 2048] Black is in control.} 13. Bc2 Bxd4 (13... a5 $19 {Strongly threatening ...b6.} 14. b3 Bd6) 14. cxd4 (14. Qxd4 $15 Qxd4 15. cxd4) 14... Bf5 $17 15. g4 $2 {[%mdl 8192]} (15. Qf3 $17) 15... Qg6 $19 16. Kh1 {[#]} Nxf2+ $1 {[%mdl 576] Pin, Discovered Attack (Double check). Accuracy: White = 33%, Black = 63%.} 0-1

[Event "Runavik Open 2018"]
[Site "Runavik"]
[Date "2018.11.16"]
[Round "6"]
[White "Berg, Margar M."]
[Black "Kjartansson, Gudmundur"]
[Result "0-1"]
[WhiteElo "1852"]
[BlackElo "2423"]
[Annotator "TA"]
[PlyCount "82"]
[EventDate "2018.11.12"]
[EventType "swiss"]
[EventCountry "FAI"]
[SourceTitle "playchess.com"]
[Source "ChessBase"]
[SourceQuality "1"]

{[%evp 9,81,-25,11,23,26,26,24,13,18,11,12,0,0,0,0,0,14,-23,-20,-21,-14,-20,-12,-18,-10,-71,-73,-77,-72,-109,-49,-43,-49,-54,-27,-33,-34,-42,-22,-26,-18,-48,-44,-80,-73,-89,-55,-93,-62,-133,-129,-189,-130,-125,-117,-113,-37,-110,-110,-110,-107,-154,-152,-154,-144,-156,-151,-329,-336,-390,-380,-29997,-29998,-29999]} 1. d4 e6 2. Nf3 Nf6 3. Bg5 h6 4. Bxf6 Qxf6 5. g3 (5. e4 d6 6. Nc3 Qe7 7. h4 g6 8. Qd2 Bg7 9. O-O-O a6 10. Re1 Nd7 11. Nd5 Qd8 12. Ne3 b5 13. Bd3 c5 14. c3 {1-0 (36) Kogan,A (2544)-Kveinys,A (2545) Puhajarve 2017}) 5... b6 6. Bg2 {A46: 1 d4 Nf6 2 Nf3 e6: Torre, London and Colle Systems} Bb7 7. O-O g6 8. Nbd2 {White has an edge.} Bg7 9. c3 Qe7 $146 ({Predecessor:} 9... O-O 10. a4 a6 11. Ne5 Bxg2 12. Kxg2 d6 13. Nd3 {½-½ (72) Argiroudis,S (2306)-Kourousis,E (2399) Rio Achaea 2018}) 10. Qc2 O-O 11. e4 c5 12. dxc5 Qxc5 13. Rfe1 d6 14. Rad1 Qc7 15. Nb3 Rd8 16. Nfd4 a6 17. f4 (17. Qe2 $11 {keeps the balance.}) 17... e5 $17 18. Ne2 Nd7 19. g4 exf4 (19... Nf6 $17 20. h3 d5 21. exd5 Nxd5 22. Bxd5 Bxd5) 20. Nxf4 $15 Ne5 21. h3 Bf6 22. Nd5 Bxd5 $1 23. exd5 Bh4 $36 {[%mdl 2048] Black is more active.} 24. Re2 Re8 25. Rf1 Re7 26. Be4 Rae8 27. Nd4 Qc5 28. Kh1 Nd7 29. b4 (29. Bxg6 $15 Qxd5+ 30. Kg1 Rxe2 31. Nxe2) 29... Qc4 $17 30. Kg1 (30. Qd3 $17 Qxd3 31. Bxd3) 30... Nf6 (30... Bf6 $1 $19 {[%cal Rf6d4]} 31. Rd1 b5) 31. Qd3 Qxd3 32. Bxd3 Nxd5 (32... Rxe2 $17 33. Nxe2 Re3 34. Bxa6 Rxh3) 33. Rxe7 ({White should play} 33. Bc4 $1 $15 Nxc3 34. Bxf7+ $1 {[%mdl 512]} Kh7 35. Rc2) 33... Rxe7 34. Bxa6 Nxc3 35. Nb5 Ne2+ ({Much less strong is} 35... Nxa2 36. Nxd6 Nxb4 37. Bc4 $17) 36. Kg2 {[#]} d5 $1 37. a4 Re4 38. Nd6 $2 (38. Kf3 $17) 38... Nf4+ $19 39. Kf3 Rxb4 {( -> ...Rb3+)} 40. Bb5 $2 (40. Ke3 $19) 40... Rb3+ 41. Kxf4 Bg3# {Precision: White = 22%, Black = 83%.} 0-1